| 000 | 00512nam a2200121Ia 4500 | ||
|---|---|---|---|
| 008 | 220620s9999||||xx |||||||||||||| ||und|| | ||
| 245 | 0 | _aSocial inclusion and higher education | |
| 546 | _aEnglish[eng] | ||
| 650 | _aSociology | ||
| 700 | _aBasit, Tehmina N||Tomlinson, Sally | ||
| 856 | _uhttps://library.oapen.org/bitstream/20.500.12657/25179/1/1004911.pdf||https://library.oapen.org/bitstream/20.500.12657/25179/1/1004911.pdf||https://library.oapen.org/bitstream/20.500.12657/25179/1/1004911.pdf | ||
| 942 | _cEB | ||
| 999 |
_c23815 _d23815 |
||